Public relations: principles, cases and problems. Ed 9. (Record no. 96715)
[ view plain ]
| 000 -LEADER | |
|---|---|
| fixed length control field | 00454nam a2200157Ia 4500 |
| 008 - FIXED-LENGTH DATA ELEMENTS--GENERAL INFORMATION | |
| fixed length control field | 210210b1985 xxu||||| |||| 00| 0 eng d |
| 082 ## - DEWEY DECIMAL CLASSIFICATION NUMBER | |
| Classification number | 659.2 MOOP |
| 100 ## - MAIN ENTRY--PERSONAL NAME | |
| Personal name | MOORE (H Frazier) and KALUPA (Frank B). |
| 245 ## - TITLE STATEMENT | |
| Title | Public relations: principles, cases and problems. Ed 9. |
| 250 ## - EDITION STATEMENT | |
| Edition statement | |
| 260 ## - PUBLICATION, DISTRIBUTION, ETC. | |
| Place of publication, distribution, etc. | Delhi. |
| Name of publisher, distributor, etc. | Surjeet Publications., |
| Date of publication, distribution, etc. | 1985 |
| 300 ## - PHYSICAL DESCRIPTION | |
| Extent | xix,647 |
| 650 ## - SUBJECT ADDED ENTRY--TOPICAL TERM | |
| Topical term or geographic name entry element | Public Relations, Cases<br/><br/> |
| 690 ## - LOCAL SUBJECT ADDED ENTRY--TOPICAL TERM (OCLC, RLIN) | |
| Topical term or geographic name as entry element | Public Relations |
| 906 ## - LOCAL DATA ELEMENT F, LDF (RLIN) | |
| a | 047909 |
| Withdrawn status | Lost status | Source of classification or shelving scheme | Damaged status | Not for loan | Collection code | Home library | Current library | Shelving location | Date acquired | Cost, normal purchase price | Total Checkouts | Full call number | Barcode | Date last seen | Price effective from | Koha item type |
|---|---|---|---|---|---|---|---|---|---|---|---|---|---|---|---|---|
| Dewey Decimal Classification | Management | St Aloysius Library | St Aloysius Library | Secondary stack section | 02/17/2021 | 125.00 | 659.2 MOOP | 047909 | 02/17/2021 | 02/17/2021 | Book |